000 00675nam a2200205Ii 4500
001 2662
003 CO-ViMGA
008 241108s9999||||xx |||||||||||||| ||und||
040 _aCO-ViMGA
_bspa
_erda
_cCO-ViMGA
041 0 _aspa
082 0 4 _aFA 344.078 - C17e
100 1 _aAdalberto Carvajal Salcedo
_944216
245 1 0 _aEducadores frente a la ley:
_bAnálisis crítico, histórico y jurídico del Estatuto Docente
264 1 _aBogotá, Colombia : Rodríguez Quito editores, 1985
300 _avolumen
336 _atext
_btxt
_2rdacontent
337 _aunmediated
_bn
_2rdamedia
338 _avolume
_bnc
_2rdacarrier
940 _aidficha_siabuc: 2604. -- ficha_no_siabuc:2662
999 _c38670
_d38670